000 01099nab a2200289 i 4500
001 194831
003 ES-MaACL
005 20240522143855.0
008 240517e1947 sp ||||| |||| 00| 0 spa d
040 _bspa
_cES-MaACL
080 _a94(892)
100 1 _947584
_aEscohotado, Román,
_d1908-1970
_eaut
245 1 4 _aLos dos corazones del Paraguay :
_b[texto de la conferencia pronunciada ... en el Ateneo de Madrid el día 9 de abril de 1947] /
_cRomán Escohotado
260 _aMadrid,
_c1947
300 _aP. 9- 37
336 _2rdacontent
_atexto
337 _2rdamedia
_asin mediación
338 _2rdacarrier
_avolumen
530 _aDisponible en formato digital
610 2 4 _91908
_aAteneo de Madrid-
_vConferencias-
_y1940-1982
651 7 _9162829
_aParaguay-
_xHistoria
773 _tRevista nacional de educación,
_xISSN 0210-2269,
_g1947, n. 72, p. 9- 37
_01970
_92009
_w1970
856 _uhttp://hdl.handle.net/11162/71968
_yVersión en línea
_z(Redined)
942 _2udc
_cANAB
_n0
999 _c194831
_d194831